000 00626nam a22002177a 4500
003 UA-OsUOA
001 89015
007 ta
008 20121023b un ||||| |||| 00| 0 ukr d
100 _aБаглюк Ю.Б.
090 _a330(477)
_bБ14
942 _cSA
040 _aUA-OsUOA
_bukr
_cUA-OsUOA
_dUA-OsUOA
245 _aСтраховий ринок України: капіталізація й конкуренція
300 _aС.67-76
955 _a0
041 _aukr
080 _a330(477)
773 0 _w89007
_tФінанси України
_dК.
_d2012
_g4
650 7 _a330 Економіка взагалі
_2UDC
999 _c375292
_d375292